000 00586nam a2200205Ia 4500
003 OSt
005 20220926035418.0
006 a|||||r|||| 00| 0
007 ta
008 220923b |||||||| |||| 00| 0 eng d
037 _cGeneral Book
040 _aRTL
_cRTL
_beng
041 _2eng
_aeng
082 _aX.73.N1, E2
100 _aSeligman Edwin R A
_9316417
245 0 _aPrinciples of Economic with special reference to A
650 _aUnited States Economic Conditions
_9230667
942 _hX.73.N1, E2
_cGB
_2CC
999 _c662179
_d662179